Linia R1 KM ( Koleje Mazowieckie) - Statystyki

Ogólne statystyki
  • Ten quiz został rozwiązany 89 razy
  • Średni wynik to 17 z 23
Statystyki odpowiedzi
Numer przystanku Nazwa przystanku % Poprawnych
18 Warszawa Zachodnia
96%
23 Warszawa Wschodnia
92%
20 Warszawa Śródmieście
89%
1 Skierniewice
86%
19 Warszawa Ochota
85%
22 Warszawa Stadion
84%
16 Warszawa Ursus
84%
21 Warszawa Powiśle
82%
6 Żyrardów
82%
9 Grodzisk Mazowiecki
81%
13 Pruszków
81%
17 Warszawa Włochy
81%
15 Warszawa Ursus Niedźwiadek
78%
14 Piastów
77%
11 Brwinów
69%
10 Milanówek
66%
2 Skierniewice Rawka
58%
8 Jaktorów
57%
12 Parzniew
53%
3 Radziwiłłów Mazowiecki
45%
5 Sucha Żyrardowska
45%
7 Międzyborów
43%
4 Jesionka
39%
Nie znaleziono quizów pasujących do podanych kryteriów
Rozkład punktacji
Procent ludzi z każdym wynikiem
Percentyl według liczby udzielonych odpowiedzi
Twoja historia wyników
Nie rozwiązałeś tego quizu